<?xml version="1.0" encoding="UTF-8"?>
<collection xmlns="http://www.loc.gov/MARC21/slim">
 <record>
  <leader>01650nam a22002297a 4500</leader>
  <controlfield tag="001">NCT_37315</controlfield>
  <controlfield tag="008">180528b        xxu||||| |||| 00| 0 vie d</controlfield>
  <datafield tag="999" ind1=" " ind2=" ">
   <subfield code="c">1802</subfield>
   <subfield code="d">1802</subfield>
  </datafield>
  <datafield tag="020" ind1=" " ind2=" ">
   <subfield code="a">9786045732120</subfield>
   <subfield code="c">2000000</subfield>
  </datafield>
  <datafield tag="082" ind1="0" ind2="4">
   <subfield code="2">23rd ed.</subfield>
   <subfield code="a">959.77</subfield>
   <subfield code="b">L250/T.7</subfield>
  </datafield>
  <datafield tag="100" ind1="1" ind2=" ">
   <subfield code="a">Ngô Văn Lệ</subfield>
   <subfield code="e">Chủ biên</subfield>
  </datafield>
  <datafield tag="245" ind1="1" ind2="0">
   <subfield code="a">Vùng đất Nam bộ</subfield>
   <subfield code="n">Tập VII</subfield>
   <subfield code="p">Đặc trưng tín ngưỡng, tôn giáo và sinh hoạt văn hóa</subfield>
   <subfield code="c">Ngô Văn Lệ</subfield>
  </datafield>
  <datafield tag="260" ind1=" " ind2=" ">
   <subfield code="a">H.</subfield>
   <subfield code="b">Chính trị Quốc gia Sự thật</subfield>
   <subfield code="c">2017</subfield>
  </datafield>
  <datafield tag="300" ind1=" " ind2=" ">
   <subfield code="a">551 tr.</subfield>
   <subfield code="b">Bảng</subfield>
   <subfield code="c">24cm</subfield>
  </datafield>
  <datafield tag="520" ind1="3" ind2=" ">
   <subfield code="a">Vùng đất Nam bộ tập 7, gồm 4 chương: Chương 1: Cơ sở lý luận và tổng quan về vùng đất, cong người Nam Bộ. Chương 2: Tín ngưỡng, tôn giáo và đặc trưng tính ngưỡng, tôn giáo của cư dân Nam bộ. Chương 3: Sinh hoạt văn hóa và đặc trưng sinh hoạt văn háo của cư dân Nam Bộ. Chương 4: Tín ngưỡng tôn giáo và sinh hoạt văn hóa của cư dân Nam Bộ trong quá trình phát triển.</subfield>
  </datafield>
  <datafield tag="653" ind1=" " ind2=" ">
   <subfield code="a">kinh tế chính trị</subfield>
  </datafield>
  <datafield tag="700" ind1="1" ind2=" ">
   <subfield code="a">Huỳnh Ngọc Thu</subfield>
   <subfield code="e">Biên soạn</subfield>
  </datafield>
  <datafield tag="700" ind1="1" ind2=" ">
   <subfield code="a">Phan An</subfield>
   <subfield code="e">Biên soạn</subfield>
  </datafield>
  <datafield tag="942" ind1=" " ind2=" ">
   <subfield code="2">ddc</subfield>
   <subfield code="c">BK</subfield>
  </datafield>
  <datafield tag="952" ind1=" " ind2=" ">
   <subfield code="0">0</subfield>
   <subfield code="1">0</subfield>
   <subfield code="2">ddc</subfield>
   <subfield code="4">0</subfield>
   <subfield code="6">959_770000000000000_L250_T_7</subfield>
   <subfield code="7">0</subfield>
   <subfield code="9">8950</subfield>
   <subfield code="a">000001</subfield>
   <subfield code="b">000001</subfield>
   <subfield code="d">2018-05-28</subfield>
   <subfield code="o">959.77 L250/T.7</subfield>
   <subfield code="p">MD.12147</subfield>
   <subfield code="r">2018-05-28</subfield>
   <subfield code="v">999999.99</subfield>
   <subfield code="w">2018-05-28</subfield>
   <subfield code="y">BK</subfield>
  </datafield>
  <datafield tag="952" ind1=" " ind2=" ">
   <subfield code="0">0</subfield>
   <subfield code="1">0</subfield>
   <subfield code="2">ddc</subfield>
   <subfield code="4">0</subfield>
   <subfield code="6">959_770000000000000_L250_T_7</subfield>
   <subfield code="7">0</subfield>
   <subfield code="9">8951</subfield>
   <subfield code="a">000001</subfield>
   <subfield code="b">000001</subfield>
   <subfield code="d">2018-05-28</subfield>
   <subfield code="o">959.77 L250/T.7</subfield>
   <subfield code="p">MD.11348</subfield>
   <subfield code="r">2018-05-28</subfield>
   <subfield code="v">999999.99</subfield>
   <subfield code="w">2018-05-28</subfield>
   <subfield code="y">BK</subfield>
  </datafield>
  <datafield tag="980" ind1=" " ind2=" ">
   <subfield code="a">Thư viện Trường Đại học Nam Cần Thơ</subfield>
  </datafield>
 </record>
</collection>
